000 00560cam a22002053a 4500
001 42479
003 PGUSA
005 20140828083948.0
008 130407s2013||||xxu|||||s|||||000 | eng d
040 _aPGUSA
_beng
042 _adc
100 1 _aNelson, George
245 1 0 _aLa Ronge Journal, 1823
_h[electronic resource] /
_cGeorge Nelson
260 _bProject Gutenberg,
_c2013
506 _aPublic domain in the USA.
516 _aElectronic text
830 0 _aProject Gutenberg
_v42479
856 4 0 _uhttp://www.gutenberg.org/ebooks/42479
942 _cEB
999 _c271731
_d271731